| 000 | 00737nam a2200229Ia 4500 | ||
|---|---|---|---|
| 003 | OSt | ||
| 005 | 20220927105758.0 | ||
| 006 | a|||||r|||| 00| 0 | ||
| 007 | ta | ||
| 008 | 220926b |||||||| |||| 00| 0 eng d | ||
| 024 | _a197456 | ||
| 037 | _cReference Collections | ||
| 040 |
_aRTL _cRTL _beng |
||
| 041 |
_2eng _aeng |
||
| 082 | _a"X9(M4):9B.252WD, P7/GD" | ||
| 100 |
_aSEKAR Helen R _9375017 |
||
| 245 | 0 | _aImpact of technological change on the demand for child labour in brassware industry in Moradabad | |
| 260 |
_a"NOIDA," _b"V.V. Giri National Labour Institute, " _c2007 |
||
| 300 |
_a196p _ccm. |
||
| 942 |
_h"X9(M4):9B.252WD, P7/GD" _cCC |
||
| 999 |
_c694650 _d694650 |
||